A-Z: words ending in E - Statistics

General Stats
  • This quiz has been taken 64 times
  • The average score is 16 of 26
Answer Stats
Initial letter Clue Word ending in E % Correct
E A shaking of the ground caused by tectonic disturbance Earthquake
97%
C Hot drink made from tropical beans Coffee
93%
L Small Little
93%
S Structure which children sometimes build on the beach Sandcastle
91%
A Motor vehicle Automobile
86%
O Musical instrument similar to a clarinet Oboe
86%
X Wooden musical instrument Xylophone
84%
H To have a vision of something which is not actually there Hallucinate
79%
P Optical device allowing submariners to see what's on the surface Periscope
74%
G Glossy veneer or surface layer often applied to pottery Glaze
72%
K Well-informed, full of facts Knowledgeable
72%
Z A defined area of land Zone
72%
Q Rather Quite
67%
J Fragrant tropical shrub, usually with white flowers Jasmine
64%
D A designated spot where parachuting people or objects land Dropzone
48%
T The lowest layer of Earth's atmosphere Troposphere
48%
B The ability of a living creature to produce its own light Bioluminescence
43%
V Fox-like Vulpine
40%
W Carnivorous subarctic mammal with dark fur, the largest member of the mustelid family (stoat, polecat etc) Wolverine
40%
F Elevated passageway with stairs, allowing pedestrians to cross a road or railway Footbridge
36%
I Inherent Innate
36%
N Explosive liquid Nitroglycerine
34%
R Frost formed on cold objects by the rapid freezing of water vapour in cloud or fog Rime
31%
M A hallucinogenic plant whose roots can resemble human figures Mandrake
26%
U 15-letter word with every letter being different, meaning "Unable to be protected by intellectual property laws", pertaining to creative works Uncopyrightable
19%
Y 1 septillion bytes Yottabyte
17%
No matching quizzes found
Score Distribution
Percent of People with Each Score
Percentile by Number Answered
Your Score History
You have not taken this quiz